Normal view
MARC view
Entry Topical Term
001 - CONTROL NUMBER
- control field: 793197
003 - CONTROL NUMBER IDENTIFIER
- control field:
005 - DATE AND TIME OF LATEST TRANSACTION
- control field: 20210627055015.0
008 - FIXED-LENGTH DATA ELEMENTS
- fixed length control field: 210627|| aca||aabn | a|a d
040 ## - CATALOGING SOURCE
- Original cataloging agency:
- Transcribing agency:
150 ## - HEADING--TOPICAL TERM
- Topical term or geographic name entry element: Calculus of variations
670 ## - SOURCE DATA FOUND
- Source citation: Work cat.: ()665164: Todhunter, I. (Isaac), 1820-184. 793195, A treatise on the integral calculus and its applications with numerous examples /, 1878
